Continuous processing high quality compounds on a co-rotating twin screw extruder (Record no. 56256)

MARC details
000 -LEADER
fixed length control field 00351nam a2200121Ia 4500
100 ## - MAIN ENTRY--AUTHOR NAME
Personal name Burbank Frederick R
245 #0 - TITLE STATEMENT
Title Continuous processing high quality compounds on a co-rotating twin screw extruder
260 ## - PUBLICATION, DISTRIBUTION, ETC. (IMPRINT)
Name of publisher Rubber India
Year of publication 1995
300 ## - PHYSICAL DESCRIPTION
Number of Pages 23-25
700 ## - ADDED ENTRY--PERSONAL NAME
Personal name Poloski Walter A
942 ## - ADDED ENTRY ELEMENTS (KOHA)
Koha item type Journals
Holdings
Withdrawn status Lost status Damaged status Not for loan Home library Current library Shelving location Date acquired Serial Enumeration / chronology Koha item type
      Journals RRII Library RRII Library Rubber chemistry 17/12/2021 Volume 47, Issue 11 Journals